Carta de las isodinas (I) (Inclinación magnética), confeccionadas para la época 1 de enero de 1944. /

Guardado en:
Autor Corporativo: Servicio Meteorológico
Formato: Libro
Idioma:Spanish
Publicado: Buenos Aires, 1948.
Etiquetas: Agregar Etiqueta
Sin Etiquetas, Sea el primero en etiquetar este registro!
LEADER 00509nam a22001455a 4500
001 EUN.um020154
003 AR-BaUNS
005 20050623122900.0
008 041125s1948####ag############000#0#spa#d
245 1 0 |a Carta de las isodinas (I) (Inclinación magnética), confeccionadas para la época 1 de enero de 1944. /  |c Servicio Meteorológico. 
260 |a Buenos Aires,  |c 1948. 
300 |a 14 p. 
082 0 4 |a 551.16 
110 2 |a Servicio Meteorológico  |c Argentina. 
859 |a Ar-BaUNS  |b BIB. CENTRAL - Sector C  |h 551.16  |i Ar37  |p 1955/956